000 02504cam a2200313 4500500
005 20251228052906.0
041 _afre
042 _adc
100 1 0 _aLe Floch, Sophie
_eauthor
700 1 0 _aDevanne, Anne-Sophie
_eauthor
700 1 0 _aDeffontaines, Jean-Pierre
_eauthor
245 0 0 _aLa « fermeture du paysage » : au-delà du phénomène, petite chronique d'une construction sociale
260 _c2005.
500 _a84
520 _aRésuméL’expression de fermeture du paysage, si elle désigne à la fois un phénomène matériel (l’extension spatiale de la végétation ligneuse) et la façon dont il est vécu par les usagers des espaces concernés (sentiment d’oppression...), est aussi en elle-même le produit d’une construction sociale. Née avec la question environnementale dans les années 1970, elle connaît son apogée dans les années 1980, lors d’un conflit où se renégocient les significations à attribuer aux changements affectant les espaces ruraux. Puis elle devient une norme d’appréciation de l’évolution de ces espaces, appelant un paradigme d’aménagement, l’ ouverture. Ce paradigme serait complémentaire, et non antagonique, de celui qui prône la réintroduction de l’arbre dans les systèmes de production agricole.
520 _aThe expression closed landscape refers both to a physical phenomenon (the spatial extension of forest) and the way it is perceived by users of the spaces concerned (feeling of oppression, etc.). It is also the product of a social construct. This construct emerged with concerns over the environment in the 1970s and reached its height in the 1980s during a conflict where the meanings of the changes affecting rural spaces were renegotiated. It then became a standard for the evaluation and evolution of these spaces, leading to a regional development paradigm of openness. This paradigm is theoretically complementary, not antagonistic, to that of promotion the reintroduction of trees into farming systems.
690 _aaménagement
690 _aboisement
690 _aconstruction sociale
690 _aespace rural
690 _apaysage
690 _aafforestation
690 _alandscape
690 _aregional development
690 _arural space
690 _asocial construct
786 0 _nL’Espace géographique | 34 | 1 | 2005-03-01 | p. 49-64 | 0046-2497
856 4 1 _uhttps://shs.cairn.info/revue-espace-geographique-2005-1-page-49?lang=fr&redirect-ssocas=7080
999 _c1584784
_d1584784